000 00193nam a22000977a 4500
082 _a641.42 HOM'E
245 _aHOME CANNING
260 _aCALIFORNIA
_bLANE
_c1975
300 _a96P
942 _cBK
999 _c581635
_d581635